| 000 | 00880nam a22001815i 4500 | ||
|---|---|---|---|
| 001 | 158057 | ||
| 003 | ES-MaACL | ||
| 005 | 20230906210958.0 | ||
| 008 | 990226s1878 cu a |||| | spa d | ||
| 040 |
_aCCPB | B _bspa _cCCPB | B |
||
| 100 | 1 |
_aLópez Prieto, Antonio. _9129219 |
|
| 245 | 1 | 0 |
_aInforme que sobre los restos de Colón presenta al Excmo. Sr. Gobernador General D. Joaquín Jovellar y Soler _b: después de su viaje a Santo Domingo / _cAntonio López Prieto. |
| 260 |
_aHabana : _b[s.n.], _c1878 ( _fImprenta del Gobierno y Capitanía General por S. M.) |
||
| 300 |
_a109 p., XI p., 8 h. de lám., [2] h. de lám. pleg. ; _c23 cm. |
||
| 597 | 1 | _aPort. con esc. xil.: ¨A Castilla y a Leon nuevo mundo dio Colon¨. | |
| 600 | 1 | 4 |
_aColón, Cristóbal. _939869 |
| 852 |
_aES-MaACL _jT-249-F-3 _z-- Enc. hol. _q-- Falto de la cub. original _z-- Enc. en un vol. facticio |
||
| 999 |
_c158057 _d158057 |
||